00729nam a22002177a 4500999001700000003000900017008004100026040007100067082002400138100001900162245002800181260003200209300002800241505003900269650001900308650001900327700002500346942001600371945002000387952010400407 c16251d16251AR-CdUCM190502b ||||| |||| 00| 0 spa d aMUNICIPALIDAD PROVINCIAL DEL CUSCOcBIBLIOTECA MUNICIPAL DEL CUSCO a828.8 /bM12 / 1943 aMacaulay, Lord aReforma parlamentaria / aBuenos Aires :bTor,c1943. a127 páginas ;c18 cm. aContenido : Reforma parlamentaria. aHistoria 9246 aLiteratura983 aLopez, Daniel935589 2ddccLIBROS arahd02/05/2019 002ddc4070aSCAbSCAcCARTd2019-05-02g20.00o828.8 / M12 / 1943pSCA0003772r2019-05-02yLIBROS